000
00321nam a2200121Ia 4500
005
20251222155054.0
008
251222s9999||||xx |||||||||||||| ||spa||
082
_a
ADM.55
100
_a
Lic. MEERHOFF.Ricardo
245
0
_a
Descentralización, financiamiento, costeo y autogestión de
264
_b
No tiene
942
_c
LIB
999
_c
37414
_d
37414